000 00577 a2200205 4500
005 20260210105509.0
008 260209b |||||||| |||| 00| 0 eng d
020 _a9781032825281
_cRs. 1295.00
040 _aMAIN
082 _a700.454
_bV445D
100 _aVassallo, Mario Thomas, ed.
245 _a Different faces of politics in literature and music
260 _bRoutledge
_c2024
_aNew York
300 _axiv, 272
650 _aArts
650 _aSocial- Political Aspects
650 _aPolitical Aspects of Art
700 _aDebattista, Andre P
942 _cBK
999 _c395255
_d395255